| 000 | 00640cam a2200265 4500 | ||
|---|---|---|---|
| 001 | J732 | ||
| 008 | 090401t1992 xxu||||| |||| 00| 0 eng d | ||
| 035 | _a(Sirsi) u76482 | ||
| 041 | _aeng | ||
| 050 | _a333.337 | ||
| 110 |
_aChristie and Co _91921 |
||
| 245 | _aBusiness review `91. | ||
| 260 |
_aLondon _bChristie & Co. _c1992 |
||
| 300 | _a15p. : ill. ; 30cm. | ||
| 350 | _a0 | ||
| 650 | _aHOTELS | ||
| 650 | _aNURSING HOMES | ||
| 650 | _aPROPERTY INDEXES | ||
| 650 | _aPROPERTY MARKET | ||
| 650 | _aPUBLIC HOUSES | ||
| 650 | _aRESTAURANTS | ||
| 690 | _aPROPERTY-COMMERCIAL PROPERTY | ||
| 942 | _n0 | ||
| 948 | _c04/03/1997 | ||
| 999 |
_c96185 _d96185 |
||